000 00506nam a2200193Ia 4500
008 240510s9999 xx 000 0 und d
020 _a0003540618597
041 _aEng
082 _a006.3
082 _bB56
100 _aBorges, D.L.: Kaestner, C.A.A.:
245 0 _aAdvances in Artificial Intelligence : Lecture Notes In Artificial Intelligence:Proceedings
260 _bSpringer:
260 _c1996
300 _a241 p.
650 _aAritificial Intelligence
942 _2ddc
942 _cRBK
999 _c27542
_d27542
945 _a1
_bMadushi Gamage
_c1
_dMadushi Gamage